|
|
|
|
| LEADER |
00000nab#a22000007a#4500 |
| 001 |
arbauad15878 |
| 003 |
AR-BaUAD |
| 005 |
20250711111451.0 |
| 008 |
951212|||||||||###||||||b###|0###a|spa|| |
| 040 |
|
|
|a AR-BaUAD
|c AR-BaUAD
|b spa
|
| 100 |
|
|
|a Net, Manuel Ignacio
|
| 245 |
|
|
|a Manuel I. Net /
|c Manuel Ignacio Net;
|
| 300 |
0 |
|
|b croquis, fot., plantas
|
| 653 |
|
|
|a ARQUITECTURA
|
| 653 |
|
|
|a ARQUITECTOS
|
| 653 |
|
|
|a NET, MANUEL IGNACIO
|
| 653 |
|
|
|a TEORIA
|
| 653 |
|
|
|a CENTRO DE INTERPRETACION DE LA VIDA SILVESTRE
|
| 653 |
|
|
|a ISLA VICTORIA
|
| 653 |
|
|
|a NEUQUEN
|
| 653 |
|
|
|a INMOBILIARIA N. V. MURGUIA
|
| 653 |
|
|
|a OLIVOS
|
| 653 |
|
|
|a BUENOS AIRES, PROVINCIA
|
| 653 |
|
|
|a ESCUELA FORD
|
| 653 |
|
|
|a GENERAL PACHECO
|
| 773 |
0 |
|
|t NUESTRA ARQUITECTURA
|g no. 522 [jul.-ago. 1985], p. 48-53
|
| 942 |
|
|
|c ARTI
|
| 952 |
|
|
|0 0
|1 0
|4 0
|7 0
|9 60798
|a AR-BAuAD
|b AR-BAuAD
|d 2025-07-11
|l 0
|p AAQA15878
|r 2025-07-11 11:14:51
|w 2025-07-11
|y ARTI
|
| 990 |
|
|
|a AQ198
|b TD
|
| 998 |
|
|
|a AAQ
|b BIBUN76
|
| 999 |
|
|
|c 40471
|d 40471
|